Niels Bohr: científico, filósofo, humanista

Saved in:
Bibliografiske detaljer
Main Authors: García-Colín Scherer, Leopoldo (autor), Mazari, Marcos (Author), Moshinsky, Marcos (Author)
Format: Bog
Sprog:spansk
Udgivet: Ciudad de México Fondo de Cultura Económica 1986
Serier:La Ciencia desde México, 14
Fag:
Tags: Tilføj Tag
Ingen Tags, Vær først til at tagge denne postø!

MARC

LEADER 00000nam a2200000 a 4500
001 UCW8479
003 CL-VaPUC
008 880913e19860000MX |||||||||||||||||spa|d
082 0 4 |a 530.92  |b GAR  |2 21 
100 |a García-Colín Scherer, Leopoldo  |e autor  |9 536975 
700 0 |a Mazari, Marcos  |e author  |9 313654 
700 0 |a Moshinsky, Marcos  |e author  |9 313655 
245 1 0 |a Niels Bohr: científico, filósofo, humanista 
300 |a 129 p 
942 |c BK 
945 |d 19880913 00:00:00 
260 |a Ciudad de México  |b Fondo de Cultura Económica  |c 1986 
600 0 7 |a BOHR, NIELS  |2 CL-VaPUC  |9 313656 
650 7 |a FISICOS  |2 CL-VaPUC  |9 263707 
650 0 |a Biografías  |9 255210 
583 |a last modification  |c 19880913 00:00:00  |k Rodrigo Vera 
490 0 |a La Ciencia desde México, 14 
999 |c 220835  |d 220833 
952 |0 0  |1 0  |4 0  |6 530_920000000000000_GAR_1986  |7 0  |8 A  |9 213548  |a BIBCUR  |b BIBCUR  |d 2019-11-15  |i 3178412  |o 530.92 GAR 1986  |p 3178412  |r 2025-04-22  |w 2019-11-15  |y BK  |k BCB